Films avec Philippe Duquesne par image - Statistiques

Statistiques générales
  • Ce quiz a été pris 20 fois
  • Le résultat moyen est 4 sur 16
Statistiques - réponses
Par images Réponse % Correct
Alibi.com 2
90%
Bienvenue chez les Ch'tis
65%
Babysitting
55%
Turf
50%
30 Jours max
25%
Au poste !
25%
Un long dimanche de fiançailles
20%
Enfermés dehors
15%
Epouse-moi mon pote
15%
Les Brigades du Tigre
15%
La Fiancée du poète
10%
Le Vilain
10%
Un peu, beaucoup, aveuglément
10%
Grand froid
5%
Les Femmes du 6e étage
5%
L'Homme parfait
5%
Aucun quiz correspondant
Distribution des résultats
% des personnes avec chaque résultat
Percentile par nombre de réponses
Votre historique - résultats
Vous n’avez pas pris ce quiz